000 00899cam a2200241 a 4500
001 15040487
005 20170208105503.0
008 071011s2008 nyua 000 0 eng
020 _a9781400064908 (alk. paper)
020 _a1400064902 (alk. paper)
040 _cPK-LaUMT
082 0 0 _a616.024
_222
_bPRE-P
100 1 _aPreston, Richard
245 1 0 _aPanic in level 4 :
_bcannibals, killer viruses, and other journeys to the edge of science /
_cRichard Preston
260 _aNew York :
_bRandom House,
_c2008
300 _axli, 188 p. :
_bill. ;
_c25 cm.
500 _a"Portions of this book appeared in different form in The New Yorker."
520 _aDramatic true stories about the frightening forces and constructive discoveries that are currently roiling and reordering our world.
650 0 _aMedicine, Popular.
650 0 _aScience.
650 0 _aScience writers.
942 _cBK
999 _c90900
_d90900